Text Types and the History of English : (Record no. 623160)

MARC details
000 -LEADER
fixed length control field 00511nam a2200193 a 4500
008 - FIXED-LENGTH DATA ELEMENTS--GENERAL INFORMATION
fixed length control field 260512s2004##################000#0#eng##
020 ## - INTERNATIONAL STANDARD BOOK NUMBER
ISBN 9783110173727
082 04 - DEWEY DECIMAL CLASSIFICATION NUMBER
Classification number 420.9
Item number GOR
100 1# - MAIN ENTRY--AUTHOR NAME
Personal name Görlach, Manfred,
245 10 - TITLE STATEMENT
Title Text Types and the History of English :
260 ## - PUBLICATION, DISTRIBUTION, ETC. (IMPRINT)
Name of publisher Walter de Gruyter,
Year of publication 2004.
300 ## - PHYSICAL DESCRIPTION
Number of Pages 352 pages
650 #0 - SUBJECT ADDED ENTRY--TOPICAL TERM
Topical Term Computers.
942 ## - ADDED ENTRY ELEMENTS (KOHA)
Koha item type English Books
Holdings
Withdrawn status Lost status Damaged status Not for loan Home library Current library Date acquired Full call number Accession Number Price effective from Koha item type
        Anna Centenary Library Anna Centenary Library 12.05.2026 420.9 GOR 344677 12.05.2026 English Books

Find us on the map